000 00631nam a2200241Ia 4500
003 OSt
005 20221005122401.0
006 a|||||r|||| 00| 0
007 ta
008 221004b |||||||| |||| 00| 0 eng d
024 _a65991
037 _cTextual
040 _aCRL
_cCRL
_beng
041 _2eng
_aeng
082 _aV53:25wI12, 122J0
100 _aCalmette Joseph
_9110647
245 0 _aJeanne D'arc
260 _c1950
490 _aQue sais-je Le point des connaissances actuelles,
650 _aHISTORY
942 _hV53:25wI12, 122J0
_cTEXL
_2cc
999 _c1044118
_d1044118